Els Documents del mil·lenari de Corbera de Llobregat : 992-1992 / [Josep Mª Riera i Bagué] 992-1992 / [Josep Mª Riera i Bagué]
Descripción Física:
[6 f., 1 f. pleg] ; 28 cm
MARC
| LEADER | 00000nam a2200000Ia 4500 | ||
|---|---|---|---|
| 001 | 12662 | ||
| 008 | 160829s9999 xx 000 0 cat d | ||
| 080 | |a FU-29-9 | ||
| 100 | |a Riera i Bagué, Josep M. |9 20902 | ||
| 245 | |a Els Documents del mil·lenari de Corbera de Llobregat : |b 992-1992 / [Josep Mª Riera i Bagué] | ||
| 260 | |a Corbera de Llobregat : |b Ajuntament, [1992] | ||
| 300 | |a [6 f., 1 f. pleg] ; |c 28 cm | ||
| 650 | |a Corbera de Llobregat |x Història |x 992/1992 |x Fonts |9 20903 | ||
| 710 | 1 | |a Corbera de Llobregat (Catalunya). |b Ajuntament |9 55469 | |
| 901 | |a Arxiu | ||
| 942 | |n 1 | ||
| 952 | |0 0 |1 0 |4 0 |6 FU299 |7 1 |9 41737 |a Arxiu |b Arxiu |d 2016-12-01 |l 0 |o FU-29-9 |p 12662 |r 2016-12-01 00:00:00 |w 2016-12-01 |y ARXIU | ||
| 999 | |c 43627 |d 43627 | ||